000 00666cam a22001933a 4500
001 45213
003 PGUSA
005 20140828084032.0
008 140325s2014||||xxu|||||s|||||000 | eng d
040 _aPGUSA
_beng
042 _adc
245 1 0 _aLes Romans de la Table Ronde (4/ 5) :
_bMis en nouveau langage et accompagnés de recherches sur l'origine et le caractère de ces grandes compositions ur l'origine
_h[electronic resource] /
_cAnonymous
260 _bProject Gutenberg,
_c2014
506 _aPublic domain in the USA.
516 _aElectronic text
830 0 _aProject Gutenberg
_v45213
856 4 0 _uhttp://www.gutenberg.org/ebooks/45213
942 _cEB
999 _c274464
_d274464